000 00282 a2200097 4500
000 nam a22 7a 4500
020 _a9781912906031
100 _aSammons, Andy
245 _aThe compassionate teacher : why compassion should be at the heart of our schools
260 _bJohn Catt,
_c2019
999 _c86357
_d86357